[Event "Florianopolis op 5th"]
[Site "Florianopolis"]
[Date "2019.01.24"]
[Round "6"]
[White "Gomes, Marco Tulio Caldeir"]
[Black "Lima, Aine Carolina"]
[Result "1/2-1/2"]
[WhiteElo "1678"]
[BlackElo "1502"]
[PlyCount "50"]
[EventDate "2019.01.21"]
[EventType "swiss"]
[EventRounds "10"]
[EventCountry "BRA"]
[SourceTitle "CBM 188 Extra"]
[Source "ChessBase"]
[SourceDate "2019.02.26"]
[SourceVersion "1"]
[SourceVersionDate "2019.02.26"]
[SourceQuality "1"]

1. c4 e5 2. Nc3 Nc6 3. g3 d6 4. Bg2 g6 5. d3 Bg7 6. e4 Be6 7. Nge2 Nge7 8. 0-0 0-0 9. h3 Qd7 10. Kh2 f5 11. f4 fxe4 12. Nxe4 Nf5 13. Ng5 Kh8 14. Nxe6 Qxe6 15. Rb1 Rae8 16. Bd2 Qd7 17. Qa4 a6 18. Be4 Nfe7 19. Nc3 Qc8 20. Ne2 Qd7 21. Qb3 b6 22. Qa4 Nb8 23. Qb3 Nbc6 24. Qa4 Nb8 25. Qb3 Nbc6 1/2-1/2

[Event "Sao Paulo STD U2200 op 2nd"]
[Site "Sao Paulo"]
[Date "2018.09.08"]
[Round "2"]
[White "Lima, Aine Carolina"]
[Black "Rocha, Anderson Rosendo"]
[Result "1/2-1/2"]
[WhiteElo "1480"]
[BlackElo "1654"]
[PlyCount "39"]
[EventDate "2018.09.08"]
[EventType "swiss"]
[EventRounds "6"]
[EventCountry "BRA"]
[SourceTitle "EXT 2021"]
[Source "ChessBase"]
[SourceDate "2020.10.23"]
[SourceVersion "1"]
[SourceVersionDate "2020.10.23"]
[SourceQuality "1"]

1. e4 c5 2. Nc3 d6 3. d3 Nf6 4. g3 e6 5. Bg2 Be7 6. h3 0-0 7. Be3 Nc6 8. Nge2 a6 9. 0-0 Qc7 10. f4 Rb8 11. g4 h6 12. Ng3 b5 13. Qd2 Bd7 14. Kh1 b4 15. Nd1 Rfd8 16. Qf2 a5 17. Bf3 a4 18. Rg1 Nh7 19. Qd2 Nd4 20. Be2 1/2-1/2

[Event "Florianopolis op 4th"]
[Site "Florianopolis"]
[Date "2018.01.22"]
[Round "6"]
[White "Rodrigues, Nei Jorge"]
[Black "Lima, Aine Carolina"]
[Result "1-0"]
[WhiteElo "1976"]
[BlackElo "1555"]
[PlyCount "115"]
[EventDate "2018.01.19"]
[EventType "swiss"]
[EventRounds "10"]
[EventCountry "BRA"]
[SourceTitle "EXT 2019"]
[Source "ChessBase"]
[SourceDate "2018.10.10"]
[SourceVersion "1"]
[SourceVersionDate "2018.10.10"]
[SourceQuality "1"]

1. d4 d5 2. Nf3 c6 3. Bf4 f5 4. e3 Nd7 5. Bd3 e6 6. c4 Ngf6 7. Nbd2 Be7 8. Ng5 Nf8 9. Qc2 Ng6 10. 0-0-0 Nxf4 11. exf4 Ng4 12. Nh3 g6 13. Rde1 Bd7 14. f3 Nh6 15. Re2 Rc8 16. c5 Kf7 17. Nf2 Qc7 18. g3 Bf6 19. Nb3 Rhe8 20. h4 Ng8 21. Qd2 h6 22. h5 g5 23. fxg5 Bxg5 24. f4 Bf6 25. g4 Ne7 26. g5 Bg7 27. Nh3 Ra8 28. Ng1 Rh8 29. Nf3 Rae8 30. Rg2 Reg8 31. Kb1 Ke8 32. g6 Kd8 33. a4 Re8 34. Ne5 Bxe5 35. fxe5 Reg8 36. Qf4 Rg7 37. Qh4 Rf8 38. Rf1 Kc8 39. Qf4 Rh8 40. Qd2 Qd8 41. Na5 Qc7 42. b4 a6 43. Kc2 Kd8 44. Rb1 Nc8 45. Qf4 Ne7 46. Rgg1 Bc8 47. Nb3 Bd7 48. Ra1 Bc8 49. Nc1 Bd7 50. Ne2 Ke8 51. Nc3 b5 52. axb5 axb5 53. Ra8+ Bc8 54. Rga1 Rgg8 55. R1a7 Qd8 56. Bxb5 cxb5 57. Nxb5 Kf8 58. Nd6 1-0

[Event "Florianopolis op 4th"]
[Site "Florianopolis"]
[Date "2018.01.20"]
[Round "2"]
[White "Lima, Aine Carolina"]
[Black "Flores, Clarice Soares Leit"]
[Result "1/2-1/2"]
[WhiteElo "1555"]
[BlackElo "1213"]
[PlyCount "67"]
[EventDate "2018.01.19"]
[EventType "swiss"]
[EventRounds "10"]
[EventCountry "BRA"]
[SourceTitle "CBM 182 Extra"]
[Source "ChessBase"]
[SourceDate "2018.02.23"]
[SourceVersion "1"]
[SourceVersionDate "2018.02.23"]
[SourceQuality "1"]

1. e4 e6 2. d3 d5 3. Nd2 Nf6 4. g3 c5 5. Bg2 Nc6 6. Ngf3 Be7 7. 0-0 0-0 8. Re1 b5 9. e5 Nd7 10. Nf1 Qc7 11. Bf4 Qd8 12. h4 f6 13. exf6 Nxf6 14. Ng5 Bd6 15. Bxd6 Qxd6 16. Ne3 h6 17. Nh3 Bb7 18. Nf4 d4 19. Ng4 Rae8 20. Nxf6+ Rxf6 21. Be4 Ref8 22. Re2 R8f7 23. Nh5 Rf5 24. Bxf5 Rxf5 25. Nf4 Ne5 26. Rxe5 Rxe5 27. Qf1 Rf5 28. Re1 e5 29. Ng2 Qd5 30. a3 c4 31. dxc4 bxc4 32. Kh2 Kf7 33. Rd1 Qf3 34. Kg1 1/2-1/2

[Event "Hebraica op 25th"]
[Site "Hebraica"]
[Date "2018.01.13"]
[Round "4"]
[White "Lima, Aine Carolina"]
[Black "Nunes, Agatha Hurba"]
[Result "0-1"]
[WhiteElo "1555"]
[BlackElo "1852"]
[PlyCount "74"]
[EventDate "2018.01.12"]
[EventType "swiss"]
[EventRounds "6"]
[EventCountry "BRA"]
[SourceTitle "CBM 182 Extra"]
[Source "ChessBase"]
[SourceDate "2018.02.23"]
[SourceVersion "1"]
[SourceVersionDate "2018.02.23"]
[SourceQuality "1"]

1. e4 e6 2. d3 d5 3. Nd2 Nf6 4. g3 b6 5. Bg2 Bb7 6. e5 Nfd7 7. d4 c5 8. c3 cxd4 9. cxd4 Nc6 10. Nb3 a5 11. Be3 Rc8 12. a3 Be7 13. f4 b5 14. Nf3 a4 15. Nc1 Na5 16. Nd3 Nc4 17. Qe2 Ba6 18. Rd1 Qb6 19. Nb4 Nb8 20. Rb1 Nc6 21. Nxa6 Qxa6 22. Bd2 Nxd2 23. Qxd2 b4 24. Qe3 Na5 25. Nd2 0-0 26. Kf2 Rc2 27. Rhd1 Nb3 28. Ke1 bxa3 29. bxa3 Qa5 30. Bf1 Bxa3 31. Bd3 Rxd2 32. Rxd2 Bb4 33. Kd1 Nxd2 34. Rxb4 Qxb4 35. Qxd2 Qxd2+ 36. Kxd2 a3 37. Bb1 Ra8 0-1

[Event "Sao Paulo Hebraica op 24th"]
[Site "Sao Paulo"]
[Date "2017.01.15"]
[Round "6"]
[White "Lima, Aine Carolina"]
[Black "Dias, Joao Batista de Sou"]
[Result "1/2-1/2"]
[WhiteElo "1425"]
[BlackElo "1830"]
[PlyCount "70"]
[EventDate "2017.01.13"]
[EventType "swiss"]
[EventRounds "6"]
[EventCountry "BRA"]
[SourceTitle "CBM 176 Extra"]
[Source "ChessBase"]
[SourceDate "2017.03.02"]
[SourceVersion "1"]
[SourceVersionDate "2017.03.02"]
[SourceQuality "1"]

1. e4 e5 2. d4 exd4 3. Qxd4 Nc6 4. Qe3 Nf6 5. Nc3 Bb4 6. Bd2 0-0 7. 0-0-0 d6 8. f3 a6 9. g4 b5 10. h4 Be6 11. Kb1 Bc5 12. Qe1 a5 13. Nxb5 Qb8 14. h5 Nd7 15. h6 g6 16. Be3 a4 17. Qc3 f6 18. Bxc5 Nxc5 19. g5 Ne5 20. Nd4 fxg5 21. Nxe6 Nxe6 22. Bc4 Nxc4 23. Qxc4 Qc8 24. Qc3 Qd7 25. Ne2 Rab8 26. Nd4 Rf7 27. Ne2 Rbf8 28. Rdf1 d5 29. exd5 Qxd5 30. Ng1 g4 31. a3 gxf3 32. Rh3 f2 33. Ne2 Qg2 34. Rhh1 Qe4 35. Ng3 Qg4 1/2-1/2

[Event "Sao Paulo Hebraica op 24th"]
[Site "Sao Paulo"]
[Date "2017.01.13"]
[Round "2"]
[White "Lima, Aine Carolina"]
[Black "Desideri, Ricardo Maruchi"]
[Result "1-0"]
[WhiteElo "1425"]
[BlackElo "1929"]
[PlyCount "69"]
[EventDate "2017.01.13"]
[EventType "swiss"]
[EventRounds "6"]
[EventCountry "BRA"]
[SourceTitle "CBM 176 Extra"]
[Source "ChessBase"]
[SourceDate "2017.03.02"]
[SourceVersion "1"]
[SourceVersionDate "2017.03.02"]
[SourceQuality "1"]

1. e4 c5 2. Nf3 d6 3. d3 Nc6 4. g3 g6 5. Bg2 Bg7 6. 0-0 Nf6 7. Re1 Bg4 8. Nbd2 Qd7 9. Nf1 h5 10. h4 Nd4 11. c3 Nxf3+ 12. Bxf3 Bxf3 13. Qxf3 Ng4 14. Ne3 Ne5 15. Qe2 0-0 16. d4 cxd4 17. cxd4 Nc6 18. d5 Nd4 19. Qd1 f5 20. exf5 Nxf5 21. Nxf5 Qxf5 22. f4 Bf6 23. Qb3 Qh3 24. Qd3 Kh7 25. Bd2 Bxh4 26. Re6 Rf5 27. Re3 Qg4 28. Kh2 Bf6 29. Bc3 h4 30. Bxf6 hxg3+ 31. Rxg3 Qxf4 32. Bd4 Rc8 33. Kg2 Ra8 34. Rh1+ Rh5 35. Rxh5+ 1-0

[Event "Sao Paulo Schutt Cup 10th"]
[Site "Sao Paulo"]
[Date "2016.10.29"]
[Round "3"]
[White "Lima, Aine Carolina"]
[Black "Parreira, Teodora Ribeiro"]
[Result "1-0"]
[WhiteElo "1517"]
[BlackElo "1755"]
[PlyCount "139"]
[EventDate "2016.10.28"]
[EventType "swiss"]
[EventRounds "6"]
[EventCountry "BRA"]
[SourceTitle "CBM 175 Extra"]
[Source "ChessBase"]
[SourceDate "2016.12.12"]
[SourceVersion "1"]
[SourceVersionDate "2016.12.12"]
[SourceQuality "1"]

1. e4 c5 2. d4 b6 3. dxc5 bxc5 4. Nc3 Nc6 5. Nf3 g6 6. Bc4 Bg7 7. 0-0 Nf6 8. Qe2 d6 9. h3 e5 10. Rd1 Bb7 11. Nd5 Nd4 12. Nxf6+ Bxf6 13. Nxd4 cxd4 14. Bb5+ Kf8 15. b3 d5 16. exd5 Qxd5 17. Qf1 a6 18. Bc4 Qc6 19. Ba3+ Kg7 20. Re1 Rhe8 21. Rad1 e4 22. Re2 Rad8 23. Bc1 d3 24. cxd3 exd3 25. Rxe8 Rxe8 26. Bxd3 Bc3 27. Bc4 Re1 28. Rxe1 Bxe1 29. Be3 a5 30. f3 Bg3 31. Qa1+ Kf8 32. Qh8+ Ke7 33. Bg5+ Kd6 34. Qf6+ Kc5 35. Qxc6+ Bxc6 36. Bxf7 Kb4 37. Be7+ Kc3 38. Bd8 Kb4 39. Be7+ Kc3 40. Bg8 h6 41. Bf8 Kb2 42. Bxh6 Kxa2 43. b4+ Ka3 44. bxa5 Bb5 45. Bf7 Bd3 46. a6 Bxa6 47. Bxg6 Kb4 48. Be3 Kc4 49. Bf2 Be5 50. g4 Bf6 51. Kg2 Kd5 52. Be3 Bg7 53. Kg3 Ke5 54. Bg5 Ke6 55. f4 Kd6 56. Kh4 Bc4 57. Kh5 Bf1 58. h4 Be2 59. Bf5 Bc4 60. Kg6 Bd4 61. Bf6 Be3 62. Be5+ Ke7 63. Kg7 Ke8 64. h5 Bc5 65. Bg6+ Ke7 66. h6 Be2 67. h7 Bxg4 68. h8Q Ke6 69. Bf7+ Kf5 70. Qh7# 1-0

[Event "Sao Paulo Schutt Cup 10th"]
[Site "Sao Paulo"]
[Date "2016.10.28"]
[Round "2"]
[White "Dias, Joao Batista de Sou"]
[Black "Lima, Aine Carolina"]
[Result "1-0"]
[WhiteElo "1893"]
[BlackElo "1517"]
[PlyCount "59"]
[EventDate "2016.10.28"]
[EventType "swiss"]
[EventRounds "6"]
[EventCountry "BRA"]
[SourceTitle "CBM 175 Extra"]
[Source "ChessBase"]
[SourceDate "2016.12.12"]
[SourceVersion "1"]
[SourceVersionDate "2016.12.12"]
[SourceQuality "1"]

1. e4 c5 2. f4 d6 3. Nf3 Nc6 4. Bc4 a6 5. a4 b6 6. d4 cxd4 7. Nxd4 Qc7 8. Nxc6 Qxc6 9. Bd5 Qc7 10. Bxa8 e6 11. Qd3 Be7 12. Qc3 Qxc3+ 13. Nxc3 Bd7 14. Bb7 a5 15. Be3 Bd8 16. Rd1 Bc7 17. Nb5 Bxb5 18. axb5 Nf6 19. Bc6+ Ke7 20. 0-0 Ng4 21. Bd4 e5 22. fxe5 dxe5 23. Bf2 Nf6 24. Bh4 h6 25. Rd7+ Ke6 26. Bxf6 gxf6 27. Rxc7 Rf8 28. Bd5+ Kd6 29. Rxf7 Rxf7 30. Bxf7 1-0

[Event "Sao Paulo-C U1700 op 5th"]
[Site "Sao Paulo"]
[Date "2016.10.14"]
[Round "2.8"]
[White "Lima, Aine Carolina"]
[Black "Do Valle Cardoso, Lucas"]
[Result "0-1"]
[WhiteElo "1517"]
[BlackElo "1651"]
[PlyCount "88"]
[EventDate "2016.10.13"]
[EventType "swiss"]
[EventRounds "6"]
[EventCountry "BRA"]
[SourceTitle "EXT 2022"]
[Source "ChessBase"]
[SourceDate "2021.10.06"]
[SourceVersion "1"]
[SourceVersionDate "2021.10.06"]
[SourceQuality "1"]

1. e4 e5 2. Nf3 Nc6 3. d3 Bc5 4. Nbd2 d6 5. g3 Be6 6. Bg2 f6 7. 0-0 Qd7 8. Re1 Nge7 9. Nf1 0-0-0 10. Ne3 g5 11. c3 Bxe3 12. Bxe3 d5 13. Qc2 h5 14. Re2 h4 15. a3 Ng6 16. b4 g4 17. Ne1 hxg3 18. fxg3 d4 19. Bc1 Qh7 20. Bf1 f5 21. exf5 Bxf5 22. Rf2 dxc3 23. Rxf5 Nd4 24. Qf2 Nf4 25. Rxe5 Nfe6 26. Re4 Rdf8 27. Qg2 Qg7 28. Ra2 c2 29. Be2 Ng5 30. Bxg4+ Kb8 31. Re3 Qf7 32. Bb2 Qxa2 33. Bc1 Qb1 34. Qd2 Nb3 35. Qxc2 Qxc1 36. Qxc1 Nxc1 37. Re5 Re8 38. Rxg5 Rxe1+ 39. Kf2 Ree8 40. Bf5 Rxh2+ 41. Kf3 Nb3 42. Be6 Nd4+ 43. Kg4 Nxe6 44. Re5 b6 0-1

[Event "Paulista-ch (Women)"]
[Site "Sao Paulo"]
[Date "2016.10.??"]
[Round "5"]
[White "Bonfim, Regina Rodrigues"]
[Black "Lima, Aine Carolina"]
[Result "1-0"]
[WhiteElo "1757"]
[BlackElo "1517"]
[PlyCount "85"]
[EventDate "2016.10.21"]
[EventType "swiss"]
[EventRounds "5"]
[EventCountry "BRA"]
[SourceTitle "EXT 2022"]
[Source "ChessBase"]
[SourceDate "2021.10.06"]
[SourceVersion "1"]
[SourceVersionDate "2021.10.06"]
[SourceQuality "1"]

1. d4 d5 2. c4 e6 3. Nf3 c6 4. e3 Nd7 5. Nc3 Bd6 6. Bd3 f5 7. cxd5 cxd5 8. Bd2 Ngf6 9. Rc1 a6 10. Na4 b5 11. Nc5 Qe7 12. b4 0-0 13. 0-0 Ne4 14. a3 Rf6 15. Nxd7 Bxd7 16. Ne5 Nxd2 17. Qxd2 Be8 18. f4 Rh6 19. Rf3 Kh8 20. Rg3 Bf7 21. Rc6 Be8 22. Rc2 Bd7 23. Qc1 Rf8 24. Rg5 Qe8 25. Qe1 Be7 26. Qg3 Bxg5 27. fxg5 Rg6 28. Rc7 Bc8 29. h4 h6 30. Rxc8 Qxc8 31. Nxg6+ Kh7 32. Nxf8+ Qxf8 33. gxh6 gxh6 34. h5 Qf7 35. Qf3 Qc7 36. Kf2 Qc3 37. Be2 Qxa3 38. g4 Qxb4 39. gxf5 Qe7 40. f6 Qf7 41. Bd3+ Kh8 42. Bg6 Qf8 43. Qf4 1-0